[Event "Tradewise Gibraltar 2012 - Challenger B"]
[Site "Gibraltar ENG"]
[Date "2012.01.28"]
[Round "1.29"]
[White "Hansen, Henrik Damgaard"]
[Black "Osuna Vega, Enrique"]
[Result "0-1"]
[WhiteElo "1859"]
[BlackElo "2122"]
[PlyCount "65"]
[EventDate "2012.01.28"]
[EventType "swiss"]
[EventRounds "5"]
[EventCountry "ENG"]
[Source "lmi"]
[SourceDate "2012.01.28"]

1. e4 d6 2. d4 Nf6 3. Bd3 e5 4. d5 c6 5. c4 Be7 6. Nc3 O-O 7. Nge2 Bg4 8. h3
Bc8 9. O-O Nbd7 10. Ng3 Re8 11. Nf5 Bf8 12. f3 Nh5 13. Ne2 Nc5 14. Nfg3 Nxg3
15. Nxg3 Qh4 16. Kh2 cxd5 17. cxd5 Bd7 18. Be3 Rec8 19. Be2 Qd8 20. Qd2 a5 21.
b3 b5 22. Rac1 Qb6 23. Rc2 b4 24. Rfc1 a4 25. bxa4 Rxa4 26. Rb2 Rb8 27. Bc4 g6
28. Rcb1 Qa5 29. Bb3 Ra3 30. Ne2 Bb5 31. Nc1 Ba6 32. Bc2 Bc4 33. Bb3 0-1

[Event "Tradewise Gibraltar 2012 - Challenger B"]
[Site "Gibraltar ENG"]
[Date "2012.01.28"]
[Round "1.30"]
[White "Dasaolu, Adeoye"]
[Black "Morenilla Rocher, Fernando"]
[Result "1-0"]
[WhiteElo "2107"]
[BlackElo "1853"]
[PlyCount "47"]
[EventDate "2012.01.28"]
[EventType "swiss"]
[EventRounds "5"]
[EventCountry "ENG"]
[Source "lmi"]
[SourceDate "2012.01.28"]

1. Nf3 d6 2. d4 c6 3. c4 Bg4 4. Nc3 Bxf3 5. gxf3 Qc7 6. e4 e5 7. d5 a6 8. a4 c5
9. f4 f6 10. Bh3 h5 11. a5 Nd7 12. Be6 Be7 13. Bd2 O-O-O 14. Rg1 g5 15. fxg5
fxg5 16. Bxg5 Bxg5 17. Rxg5 Ngf6 18. Rg7 Kb8 19. Qf3 Rdf8 20. Qh3 Kc8 21. O-O-O
Kd8 22. Qh4 Qxa5 23. Rxd7+ Ke8 24. Rxb7 1-0

[Event "Tradewise Gibraltar 2012 - Challenger B"]
[Site "Gibraltar ENG"]
[Date "2012.01.28"]
[Round "1.30"]
[White "Perez Garcia, Alejandro"]
[Black "Mihajlov, Svetoslav"]
[Result "1-0"]
[WhiteElo "1845"]
[BlackElo "2101"]
[PlyCount "77"]
[EventDate "2012.01.28"]
[EventType "swiss"]
[EventRounds "5"]
[EventCountry "ENG"]
[Source "lmi"]
[SourceDate "2012.01.28"]

1. d4 Nf6 2. Nf3 g6 3. Bg5 Ne4 4. Bf4 Bg7 5. Nbd2 d5 6. e3 c5 7. Bb5+ Bd7 8.
Bxd7+ Nxd7 9. c3 O-O 10. Nxe4 dxe4 11. Ng5 cxd4 12. exd4 Nf6 13. Qe2 Qd5 14.
Be5 h6 15. Nh3 Nh5 16. Bxg7 Kxg7 17. O-O e5 18. dxe5 Qxe5 19. Rad1 Rad8 20. Qe3
b6 21. f3 f5 22. fxe4 fxe4 23. Rxd8 Rxd8 24. Nf4 Nf6 25. Qg3 Qf5 26. Ne2 Qd5
27. Nd4 Rf8 28. Qc7+ Rf7 29. Qc8 Re7 30. Qc6 Qe5 31. Qc8 h5 32. h3 Qd5 33. Qc6
Qe5 34. Qc8 Qd5 35. Qc6 Qf7 36. Nb5 e3 37. Qf3 Qe6 38. Nd4 Qd6 39. Ne2 1-0

[Event "Tradewise Gibraltar 2012 - Challenger B"]
[Site "Gibraltar ENG"]
[Date "2012.01.28"]
[Round "1.32"]
[White "Uran Bermudez, Oliver Kevin"]
[Black "Riiser, Samuel"]
[Result "1-0"]
[WhiteElo "2099"]
[BlackElo "1827"]
[PlyCount "61"]
[EventDate "2012.01.28"]
[EventType "swiss"]
[EventRounds "5"]
[EventCountry "ENG"]
[Source "lmi"]
[SourceDate "2012.01.28"]

1. e4 c5 2. Nf3 d6 3. d4 cxd4 4. Nxd4 Nf6 5. Nc3 a6 6. h3 b5 7. g4 Bb7 8. Bg2
e6 9. a3 Be7 10. Be3 Qc7 11. Qd2 Nfd7 12. O-O Nb6 13. b3 N8d7 14. f4 Rc8 15.
Nce2 Nf6 16. Ng3 d5 17. e5 Nfd7 18. f5 Nf8 19. Nh5 Rg8 20. fxe6 fxe6 21. Qf2
Bc5 22. Nf4 Qe7 23. Nd3 Bxd4 24. Bxd4 Nbd7 25. b4 Nb8 26. Bc5 Rxc5 27. Nxc5 Nc6
28. Rae1 Ng6 29. Nxb7 Qxb7 30. Qc5 Ncxe5 31. Qd6 1-0

[Event "Tradewise Gibraltar 2012 - Challenger B"]
[Site "Gibraltar ENG"]
[Date "2012.01.28"]
[Round "1.33"]
[White "Hadrych, Craig"]
[Black "Buchkremer, Felix Dr"]
[Result "0-1"]
[WhiteElo "1821"]
[BlackElo "2080"]
[PlyCount "54"]
[EventDate "2012.01.28"]
[EventType "swiss"]
[EventRounds "5"]
[EventCountry "ENG"]
[Source "lmi"]
[SourceDate "2012.01.28"]

1. c4 f5 2. g3 Nf6 3. Bg2 d6 4. d4 e6 5. Nc3 Be7 6. Nf3 O-O 7. O-O a5 8. Qc2
Nc6 9. a3 e5 10. dxe5 dxe5 11. Rd1 Qe8 12. Nd5 Bd8 13. b3 e4 14. Nd4 Nxd4 15.
Rxd4 c6 16. Nf4 Ng4 17. Bb2 Bf6 18. Rdd1 Bxb2 19. Qxb2 g5 20. Nh3 Qh5 21. Qc1
f4 22. Rd4 Nf6 23. Nxg5 Qxg5 24. Qxf4 Qxf4 25. gxf4 Bf5 26. e3 Kf7 27. Rad1 Ke7
0-1

[Event "Tradewise Gibraltar 2012 - Challenger B"]
[Site "Gibraltar ENG"]
[Date "2012.01.28"]
[Round "1.34"]
[White "Schouten, Freek"]
[Black "Bishop, Geoffrey L"]
[Result "1-0"]
[WhiteElo "2073"]
[BlackElo "1811"]
[PlyCount "51"]
[EventDate "2012.01.28"]
[EventType "swiss"]
[EventRounds "5"]
[EventCountry "ENG"]
[Source "lmi"]
[SourceDate "2012.01.28"]

1. d4 Nf6 2. c4 e6 3. Nf3 b6 4. g3 Ba6 5. b3 Bb4+ 6. Bd2 Qe7 7. Bg2 d5 8. O-O
Bxd2 9. Nbxd2 Nbd7 10. Qc2 O-O 11. Rfe1 c5 12. Rad1 Rac8 13. e4 cxd4 14. exd5
Nxd5 15. Nxd4 Nb4 16. Qb1 Nb8 17. N2f3 Qf6 18. Ne5 Rfd8 19. a3 Rxd4 20. Rxd4
N4c6 21. Nxc6 Nxc6 22. Rd7 e5 23. Bd5 Ne7 24. Be4 g6 25. Red1 b5 26. R7d6 1-0

[Event "Tradewise Gibraltar 2012 - Challenger B"]
[Site "Gibraltar ENG"]
[Date "2012.01.28"]
[Round "1.35"]
[White "Rough, Robert E"]
[Black "Attwood, James"]
[Result "0-1"]
[WhiteElo "1762"]
[BlackElo "2072"]
[PlyCount "51"]
[EventDate "2012.01.28"]
[EventType "swiss"]
[EventRounds "5"]
[EventCountry "ENG"]
[Source "lmi"]
[SourceDate "2012.01.28"]

1. c4 f5 2. g3 Nf6 3. Bg2 g6 4. Nf3 Bg7 5. O-O O-O 6. Nc3 d6 7. d4 Qe8 8. Re1
Qf7 9. d5 Ne4 10. Ng5 Nxc3 11. bxc3 Qf6 12. Bd2 h6 13. Nh3 Na6 14. f4 Nc5 15.
Nf2 e5 16. e3 e4 17. Qc2 Bd7 18. Rab1 b6 19. Bf1 Rae8 20. Kg2 g5 21. Rbc1 Kf7
22. Be2 Qg6 23. Qd1 g4 24. Qc2 h5 25. Rh1 h4 26. h3 0-1

[Event "Tradewise Gibraltar 2012 - Challenger B"]
[Site "Gibraltar ENG"]
[Date "2012.01.28"]
[Round "1.36"]
[White "Havik, Victor"]
[Black "Haddock, Paul"]
[Result "1-0"]
[WhiteElo "2066"]
[BlackElo "1688"]
[PlyCount "52"]
[EventDate "2012.01.28"]
[EventType "swiss"]
[EventRounds "5"]
[EventCountry "ENG"]
[Source "lmi"]
[SourceDate "2012.01.28"]

1. d4 Nf6 2. c4 e6 3. Nf3 c5 4. d5 exd5 5. cxd5 d6 6. Nc3 g6 7. h3 Bg7 8. e4
Nbd7 9. Bd3 a6 10. a4 b6 11. Bf4 Qc7 12. O-O O-O 13. Bh2 Re8 14. Re1 Rb8 15.
Nd2 Bb7 16. Bf1 h6 17. Qb3 Bc8 18. Rad1 Kh7 19. f4 Kg8 20. e5 dxe5 21. fxe5
Nxe5 22. d6 Qxd6 23. Nc4 Qxd1 24. Rxd1 Nfd7 25. Nxe5 Bxe5 26. Bxe5 Rxe5 1-0

[Event "Tradewise Gibraltar 2012 - Challenger B"]
[Site "Gibraltar ENG"]
[Date "2012.01.28"]
[Round "1.43"]
[White "Dennis, Nigel W"]
[Black "Allor, Chukwuka"]
[Result "0-1"]
[WhiteElo "1923"]
[BlackElo "2145"]
[PlyCount "104"]
[EventDate "2012.01.28"]
[EventType "swiss"]
[EventRounds "5"]
[EventCountry "ENG"]
[Source "lmi"]
[SourceDate "2012.01.28"]

1. e4 c5 2. Nf3 d6 3. d4 cxd4 4. Nxd4 Nf6 5. Nc3 Nc6 6. Be2 e5 7. Nb3 Be7 8.
O-O O-O 9. f4 a5 10. a4 Nb4 11. Bf3 Be6 12. Re1 Nxc2 13. Qxc2 Qb6+ 14. Be3 Qxb3
15. Qxb3 Bxb3 16. Nb5 Nd7 17. Ra3 Bc4 18. Rc3 Bxb5 19. axb5 exf4 20. Bxf4 Rac8
21. Rd1 Rxc3 22. bxc3 Ne5 23. Bxe5 dxe5 24. Rd5 a4 25. Bd1 Ra8 26. Rd2 Bg5 27.
Ra2 a3 28. Bb3 Bc1 29. Rc2 Bb2 30. Ba2 Rc8 31. c4 g6 32. Kf1 b6 33. Rd2 Bd4 34.
Rd3 Ra8 35. Rf3 Ra7 36. Ke2 Kf8 37. g4 h6 38. h4 Kg7 39. h5 Bc5 40. Rd3 Kf6 41.
hxg6 fxg6 42. Kf3 Kg5 43. Kg3 Rf7 44. Rd5 Bf2+ 45. Kh3 Bd4 46. Kg3 Rf4 47. Kh3
Rf3+ 48. Kg2 Rf2+ 49. Kg3 Rxa2 50. c5 bxc5 51. b6 Rb2 52. Rd6 a2 0-1

[Event "Tradewise Gibraltar 2012 - Challenger B"]
[Site "Gibraltar ENG"]
[Date "2012.01.28"]
[Round "1.44"]
[White "Adler, Bo"]
[Black "Nwachukwu, Chino"]
[Result "0-1"]
[WhiteElo "2167"]
[BlackElo "1926"]
[PlyCount "102"]
[EventDate "2012.01.28"]
[EventType "swiss"]
[EventRounds "5"]
[EventCountry "ENG"]
[Source "lmi"]
[SourceDate "2012.01.28"]

1. d4 Nf6 2. c4 g6 3. Nc3 d5 4. Nf3 Bg7 5. Bg5 Ne4 6. cxd5 Nxg5 7. Nxg5 e5 8.
Nf3 exd4 9. Nxd4 c6 10. e4 O-O 11. Be2 f5 12. O-O fxe4 13. Ne6 Bxe6 14. dxe6
Qxd1 15. Raxd1 Re8 16. Nxe4 b5 17. b3 Na6 18. Bg4 h5 19. Bh3 Nb4 20. Rd7 Nd5
21. Rc1 Nf4 22. Rxc6 Rac8 23. Rcc7 Rxc7 24. Rxc7 Nxh3+ 25. gxh3 Rxe6 26. f3 Ra6
27. Rc2 Rb6 28. Kf1 Be5 29. h4 Kf7 30. h3 Ke6 31. Ke2 Kf5 32. Ke3 Bf4+ 33. Kd4
Be5+ 34. Kd5 Kf4 35. Rc8 Rb8 36. Rc6 Kf5 37. Kc5 b4 38. Kc4 Rb7 39. Rc5 Kf4 40.
Ng5 Bc3 41. Rc6 Rb6 42. Rc7 a6 43. Re7 Kg3 44. Re4 Bf6 45. Ne6 Bxh4 46. Kc5
Rb5+ 47. Kc6 g5 48. Nd4 Ra5 49. Re2 Kxh3 50. Kb6 Rd5 51. Re4 Rxd4 0-1

[Event "Tradewise Gibraltar 2012 - Challenger B"]
[Site "Gibraltar ENG"]
[Date "2012.01.28"]
[Round "1.45"]
[White "Gravett, Alan David"]
[Black "Norman, Kenneth I"]
[Result "1/2-1/2"]
[WhiteElo "1931"]
[BlackElo "2174"]
[PlyCount "75"]
[EventDate "2012.01.28"]
[EventType "swiss"]
[EventRounds "5"]
[EventCountry "ENG"]
[Source "lmi"]
[SourceDate "2012.01.28"]

1. g3 d5 2. Nf3 Nf6 3. Bg2 g6 4. c4 dxc4 5. Qa4+ c6 6. Qxc4 Bg7 7. O-O O-O 8.
d3 Be6 9. Qc2 h6 10. Nc3 a5 11. b3 Na6 12. Bb2 Nb4 13. Qb1 Nbd5 14. Nxd5 Bxd5
15. e4 Be6 16. Nd4 Bc8 17. Ne2 Qb6 18. Nf4 Rd8 19. e5 Ne8 20. e6 Bxe6 21. Nxe6
fxe6 22. d4 Bxd4 23. Qxg6+ Ng7 24. Bxd4 Qxd4 25. Qxh6 a4 26. bxa4 Rxa4 27. Qg5
Qf6 28. Qe3 Rad4 29. Qb3 R8d7 30. Rad1 Kf7 31. Rxd4 Qxd4 32. Qf3+ Kg8 33. Qe4
Qxe4 34. Bxe4 Rd4 35. Bc2 Nf5 36. Rb1 b5 37. Bb3 Kf7 38. Rc1 1/2-1/2

[Event "Tradewise Gibraltar 2012 - Challenger B"]
[Site "Gibraltar ENG"]
[Date "2012.01.28"]
[Round "1.39"]
[White "Rios Gonzalez, Jose Antonio"]
[Black "Heaton, Paul"]
[Result "1/2-1/2"]
[WhiteElo "2024"]
[BlackElo "1998"]
[PlyCount "35"]
[EventDate "2012.01.28"]
[EventType "swiss"]
[EventRounds "5"]
[EventCountry "ENG"]
[Source "lmi"]
[SourceDate "2012.01.28"]

1. d4 Nf6 2. c4 g6 3. Nc3 Bg7 4. e4 d6 5. f3 O-O 6. Be3 c5 7. dxc5 dxc5 8. Bxc5
Nc6 9. Qxd8 Rxd8 10. Rd1 Be6 11. Ba3 a5 12. Nh3 Nb4 13. Nf4 Nc2+ 14. Kf2 Nxe4+
15. fxe4 Nxa3 16. Nxe6 fxe6 17. bxa3 Bxc3 18. Bd3 1/2-1/2

[Event "Tradewise Gibraltar 2012 - Challenger B"]
[Site "Gibraltar ENG"]
[Date "2012.01.29"]
[Round "2.1"]
[White "Hanley, James L"]
[Black "Diaz Velandia, Jose Manuel"]
[Result "0-1"]
[WhiteElo "2247"]
[BlackElo "2136"]
[PlyCount "122"]
[EventDate "2012.01.28"]
[EventType "swiss"]
[EventRounds "5"]
[EventCountry "ENG"]
[Source "lmi"]
[SourceDate "2012.01.28"]

1. e4 c6 2. d4 d5 3. Nc3 dxe4 4. Nxe4 Bf5 5. Ng3 Bg6 6. Nf3 e6 7. h4 h6 8. h5
Bh7 9. Bd3 Bxd3 10. Qxd3 Nd7 11. Bd2 Ngf6 12. O-O-O Qc7 13. Kb1 O-O-O 14. c4
Bd6 15. Ne4 Nxe4 16. Qxe4 Nf6 17. Qe2 Rhe8 18. Bc3 Nd7 19. Rhe1 Be7 20. d5 Bf6
21. d6 Qb6 22. Bxf6 gxf6 23. Qd2 Rg8 24. g3 Qc5 25. Qe3 Rg4 26. Qxc5 Nxc5 27.
b3 b6 28. Re2 Ne4 29. Nh2 Nc3+ 30. Kc2 Rxg3 31. fxg3 Nxe2 32. Ng4 Nxg3 33. Nxf6
Nf5 34. d7+ Kc7 35. Kc3 c5 36. b4 Nd4 37. bxc5 bxc5 38. Rd2 Nf3 39. Rg2 Ne5 40.
Rg7 Kd6 41. Rh7 Ke7 42. Rxh6 Nxd7 43. Nxd7 Kxd7 44. Rh7 Ke7 45. Kb3 Kf6 46. Ka4
Rb8 47. Ka5 Rb4 48. Rh8 Rxc4 49. Kb5 Rb4+ 50. Ka5 Rh4 51. a4 Kg7 52. Ra8 Rxh5
53. Rxa7 Rh1 54. Rc7 Ra1 55. Kb5 Kg6 56. a5 f5 57. Rxc5 f4 58. a6 f3 59. Rc2 e5
60. Kb6 e4 61. Kc5 e3 0-1

[Event "Tradewise Gibraltar 2012 - Challenger B"]
[Site "Gibraltar ENG"]
[Date "2012.01.29"]
[Round "2.2"]
[White "Ranaivoharisoa, Alain"]
[Black "Byron, Alan M"]
[Result "1/2-1/2"]
[WhiteElo "2135"]
[BlackElo "2241"]
[PlyCount "130"]
[EventDate "2012.01.28"]
[EventType "swiss"]
[EventRounds "5"]
[EventCountry "ENG"]
[Source "lmi"]
[SourceDate "2012.01.28"]

1. e4 c5 2. Nc3 e6 3. g3 Nc6 4. Bg2 g6 5. Nge2 Bg7 6. O-O d6 7. d3 Nge7 8. f4
O-O 9. g4 f5 10. Ng3 Nd4 11. Rf2 Rb8 12. a4 a6 13. gxf5 exf5 14. Nce2 Be6 15.
Rf1 Qd7 16. Nxd4 Bxd4+ 17. Kh1 Kh8 18. c3 Bg7 19. Be3 b6 20. Qd2 Rfd8 21. exf5
Nxf5 22. Nxf5 Bxf5 23. d4 a5 24. Rfe1 Bf6 25. Bf2 Re8 26. b3 Rxe1+ 27. Rxe1 Re8
28. Rxe8+ Qxe8 29. dxc5 dxc5 30. c4 Qd8 31. Bd5 Be4+ 32. Kg1 Qd7 33. h3 Bf5 34.
Kh2 Bxh3 35. Bh4 Bg7 36. Qe3 Bf5 37. Qe7 Qxe7 38. Bxe7 Bc2 39. Bd8 Bxb3 40.
Bxb6 Bd4 41. Bxa5 Bxa4 42. Kg3 Bc2 43. Bd8 Kg7 44. Be7 Bd3 45. Kf3 Bf5 46. Kg3
h5 47. Kf3 Bg4+ 48. Kg3 Bc8 49. Kf3 Bd7 50. Kg2 Be8 51. Be4 Bf7 52. Bd3 Be6 53.
Kg3 Kf7 54. Bd6 Kf6 55. Bf1 Bf5 56. Bg2 Be6 57. Bf1 Bf7 58. Bd3 Bg8 59. Be2 Be6
60. Bf1 Bf5 61. Be2 Ke6 62. Bf8 Kd7 63. Bf1 Kc6 64. Be7 Kb6 65. Bd8+ Kc6
1/2-1/2

[Event "Tradewise Gibraltar 2012 - Challenger B"]
[Site "Gibraltar ENG"]
[Date "2012.01.29"]
[Round "2.3"]
[White "Barrenechea Bahamonde, Gustavo"]
[Black "Osuna Vega, Enrique"]
[Result "1-0"]
[WhiteElo "2228"]
[BlackElo "2122"]
[PlyCount "107"]
[EventDate "2012.01.28"]
[EventType "swiss"]
[EventRounds "5"]
[EventCountry "ENG"]
[Source "lmi"]
[SourceDate "2012.01.28"]

1. e4 d6 2. d4 Nf6 3. Nc3 Nbd7 4. Nf3 e5 5. g4 g6 6. g5 Nh5 7. Be3 Bg7 8. Qd2
c6 9. O-O-O Qe7 10. Be2 O-O 11. d5 c5 12. h4 a6 13. Rdg1 b5 14. Nh2 b4 15. Na4
Qd8 16. Bxh5 gxh5 17. Qe2 Nb6 18. Nxb6 Qxb6 19. Qxh5 b3 20. cxb3 a5 21. Qd1 a4
22. bxa4 Qb4 23. Ng4 Bxg4 24. Rxg4 Rxa4 25. a3 Qc4+ 26. Qc2 Qb5 27. Bd2 Qe2 28.
Rhg1 Rfa8 29. Bc3 Qa6 30. h5 Rb8 31. f3 Rb7 32. R4g2 Rb8 33. h6 Bh8 34. Rd1 Rd4
35. Rgg1 Qc8 36. Qh2 Qb7 37. Qc2 Qc8 38. f4 exf4 39. Bxd4 Bxd4 40. Rxd4 cxd4
41. Qxc8+ Rxc8+ 42. Kd2 Rb8 43. b4 Ra8 44. Ra1 Rc8 45. Kd3 f3 46. Kxd4 Rc2 47.
Rf1 f2 48. a4 Rb2 49. Kc3 Re2 50. a5 Kf8 51. a6 Ke8 52. b5 Kd7 53. a7 Ra2 54.
Rxf2 1-0

[Event "Tradewise Gibraltar 2012 - Challenger B"]
[Site "Gibraltar ENG"]
[Date "2012.01.29"]
[Round "2.4"]
[White "Buchkremer, Felix Dr"]
[Black "Lind, Jan-Olov"]
[Result "1-0"]
[WhiteElo "2080"]
[BlackElo "2219"]
[PlyCount "101"]
[EventDate "2012.01.28"]
[EventType "swiss"]
[EventRounds "5"]
[EventCountry "ENG"]
[Source "lmi"]
[SourceDate "2012.01.28"]

1. e4 c5 2. b4 Na6 3. Bxa6 bxa6 4. bxc5 Qa5 5. Nf3 Bb7 6. Nc3 Qxc5 7. Rb1 Bc6
8. O-O Nf6 9. Qe1 d6 10. d3 Ng4 11. h3 Ne5 12. Nxe5 dxe5 13. Be3 Qd6 14. f4
exf4 15. Bxf4 e5 16. Be3 Be7 17. Qf2 O-O 18. Bxa7 Rac8 19. Be3 Ba8 20. Rb3 Qc7
21. Bb6 Qd7 22. Be3 a5 23. a4 Bb4 24. Nb5 Bc6 25. c4 Bb7 26. Kh2 Rc6 27. Qg3
Qe7 28. Bg5 f6 29. Be3 Rd8 30. Rf3 Rd7 31. Qf2 Qe6 32. Bc1 Rf7 33. Ba3 Bxa3 34.
Rxa3 Rc8 35. Rb3 Ra8 36. Qb2 Bc6 37. Nc3 Qe8 38. Nb5 Qe6 39. Qf2 Rb7 40. Qe3
Bxb5 41. axb5 a4 42. Ra3 Qe7 43. Qc1 Qc5 44. Rf1 Rd7 45. Qa1 Rda7 46. Rb1 h5
47. b6 Rb7 48. Rxa4 Rf8 49. Ra8 Rxb6 50. Rxf8+ Kxf8 51. Qa8+ 1-0

[Event "Tradewise Gibraltar 2012 - Challenger B"]
[Site "Gibraltar ENG"]
[Date "2012.01.29"]
[Round "2.5"]
[White "Pettersson, Anders"]
[Black "Dasaolu, Adeoye"]
[Result "1/2-1/2"]
[WhiteElo "2219"]
[BlackElo "2107"]
[PlyCount "173"]
[EventDate "2012.01.28"]
[EventType "swiss"]
[EventRounds "5"]
[EventCountry "ENG"]
[Source "lmi"]
[SourceDate "2012.01.28"]

1. d4 d5 2. c4 e6 3. Nc3 Be7 4. Nf3 Nf6 5. Bg5 h6 6. Bh4 O-O 7. e3 b6 8. cxd5
exd5 9. Ne5 Bb7 10. Bb5 a6 11. Ba4 b5 12. Bb3 Nbd7 13. Nxd7 Qxd7 14. Rc1 Rac8
15. O-O Rfd8 16. a4 b4 17. Ne2 a5 18. Bxf6 Bxf6 19. Rc5 Ra8 20. Qd2 Be7 21. Rc2
Bd6 22. Rfc1 Re8 23. Nf4 Qf5 24. Rxc7 Bxc7 25. Rxc7 Qb1+ 26. Rc1 Qf5 27. Rc7
Qb1+ 28. Rc1 Qf5 29. Bc2 Qg5 30. Qd3 Rec8 31. Qh7+ Kf8 32. h4 Qxh4 33. Qh8+ Ke7
34. Qxg7 Qf6 35. Ng6+ Ke6 36. Nf4+ Ke7 37. Qxf6+ Kxf6 38. Nd3 Ke7 39. Nc5 Bc6
40. b3 Kd6 41. Bf5 Rg8 42. f3 Rg5 43. Bh3 Rag8 44. Kf2 Re8 45. Nd3 f6 46. Nc5
Rg7 47. Re1 Rge7 48. Bf5 Rh8 49. g4 h5 50. Rh1 h4 51. Rh3 Be8 52. Ke2 Bf7 53.
Kd2 Rc7 54. Kd3 Rxc5 55. dxc5+ Kxc5 56. f4 Kd6 57. Kd4 Be6 58. Bxe6 Kxe6 59. e4
dxe4 60. Kxe4 f5+ 61. Kf3 Kf6 62. g5+ Kg6 63. Rh2 Kh5 64. Rc2 Rd8 65. Rc6 Rd3+
66. Ke2 Rg3 67. Rh6+ Kg4 68. g6 Kxf4 69. Rxh4+ Ke5 70. Rh6 Kf6 71. g7+ Kxg7 72.
Ra6 Rxb3 73. Rxa5 Kf6 74. Rb5 Kg5 75. a5 Ra3 76. Rxb4 Rxa5 77. Kf2 f4 78. Rb3
Kg4 79. Rc3 Ra2+ 80. Kf1 Rb2 81. Ra3 Rb7 82. Rc3 Re7 83. Kf2 Ra7 84. Rb3 Ra2+
85. Kf1 Rd2 86. Ra3 Rb2 87. Rc3 1/2-1/2

[Event "Tradewise Gibraltar 2012 - Challenger B"]
[Site "Gibraltar ENG"]
[Date "2012.01.29"]
[Round "2.6"]
[White "Spence, David J"]
[Black "Uran Bermudez, Oliver Kevin"]
[Result "1-0"]
[WhiteElo "2213"]
[BlackElo "2099"]
[PlyCount "123"]
[EventDate "2012.01.28"]
[EventType "swiss"]
[EventRounds "5"]
[EventCountry "ENG"]
[Source "lmi"]
[SourceDate "2012.01.28"]

1. Nf3 Nf6 2. d4 d5 3. g3 g6 4. Bg2 Bg7 5. O-O O-O 6. c4 c6 7. cxd5 cxd5 8. Nc3
Nc6 9. Ne5 Be6 10. Nxc6 bxc6 11. Na4 Ne4 12. Be3 f6 13. Rc1 Rc8 14. f3 Nd6 15.
Nc5 Bf7 16. Bh3 Nf5 17. Bf2 e5 18. dxe5 fxe5 19. e4 Nd4 20. Bxd4 exd4 21. Ne6
Qd7 22. Ng5 Qe7 23. Nxf7 Qxf7 24. Bxc8 Rxc8 25. exd5 Qxd5 26. Qb3 Qxb3 27. axb3
Kf7 28. Ra1 Rc7 29. Rfd1 Ke6 30. Kf2 Kd6 31. Rd3 Rb7 32. Ke2 c5 33. Ra6+ Kd5
34. Ra5 Bh6 35. f4 Bf8 36. Kf3 Be7 37. h4 Bd8 38. Ra1 c4 39. bxc4+ Kxc4 40.
Rad1 Bb6 41. b3+ Kd5 42. Re1 Kc5 43. h5 gxh5 44. Re5+ Kb4 45. Rxh5 Ka3 46. f5
Ba5 47. b4+ Kxb4 48. Rxd4+ Kc5 49. Rdh4 Rb3+ 50. Kg2 Be1 51. Rg5 h6 52. Rg7 Bd2
53. Rxa7 Bg5 54. Re4 Rb2+ 55. Kf3 Rb3+ 56. Kg4 Kd5 57. Rea4 Ke5 58. R7a5+ Kf6
59. Ra6+ Kf7 60. Re4 Rb2 61. Kh5 Rh2+ 62. Kg4 1-0

[Event "Tradewise Gibraltar 2012 - Challenger B"]
[Site "Gibraltar ENG"]
[Date "2012.01.29"]
[Round "2.7"]
[White "Attwood, James"]
[Black "Urbina Perez, Juan Antonio"]
[Result "0-1"]
[WhiteElo "2072"]
[BlackElo "2210"]
[PlyCount "74"]
[EventDate "2012.01.28"]
[EventType "swiss"]
[EventRounds "5"]
[EventCountry "ENG"]
[Source "lmi"]
[SourceDate "2012.01.28"]

1. d4 d5 2. c4 c6 3. Nf3 Nf6 4. e3 a6 5. Nc3 b5 6. cxd5 cxd5 7. Qb3 e6 8. Bd3
Be7 9. Bd2 Nc6 10. Rc1 Na5 11. Qd1 Nc4 12. b3 Nxd2 13. Nxd2 O-O 14. O-O Ba3 15.
Rc2 Bb7 16. Ndb1 Bb4 17. a3 Bd6 18. f4 Rc8 19. b4 Ne4 20. Qf3 f5 21. Rfc1 a5
22. Nxb5 Rxc2 23. Bxc2 axb4 24. Nxd6 Qxd6 25. axb4 Qxb4 26. Bxe4 dxe4 27. Qd1
Ra8 28. Qd2 Qxd2 29. Nxd2 Bd5 30. Kf1 Ra2 31. Ke1 Kf7 32. h3 Kf6 33. g4 h6 34.
Kd1 g5 35. fxg5+ hxg5 36. gxf5 Kxf5 37. Nf1 Rg2 0-1

[Event "Tradewise Gibraltar 2012 - Challenger B"]
[Site "Gibraltar ENG"]
[Date "2012.01.29"]
[Round "2.8"]
[White "Zygouris, Hristos"]
[Black "Schouten, Freek"]
[Result "1-0"]
[WhiteElo "2205"]
[BlackElo "2073"]
[PlyCount "45"]
[EventDate "2012.01.28"]
[EventType "swiss"]
[EventRounds "5"]
[EventCountry "ENG"]
[Source "lmi"]
[SourceDate "2012.01.28"]

1. c4 e6 2. g3 d5 3. Bg2 Nf6 4. Nf3 Be7 5. O-O O-O 6. b3 c5 7. Bb2 Nc6 8. e3 d4
9. exd4 cxd4 10. Re1 Re8 11. a3 a5 12. d3 Bf8 13. Ne5 Bd7 14. f4 Bc5 15. Nd2
Re7 16. Rb1 Qb6 17. Bc1 Ra6 18. g4 Be8 19. g5 Nd7 20. Ng4 Nf8 21. Ne4 Kh8 22.
Ngf6 Rc7 23. Nxe8 1-0

[Event "Tradewise Gibraltar 2012 - Challenger B"]
[Site "Gibraltar ENG"]
[Date "2012.01.29"]
[Round "2.9"]
[White "Dimitrijevic, Dragan"]
[Black "Tscharotschkin, Michael"]
[Result "1/2-1/2"]
[WhiteElo "1937"]
[BlackElo "2195"]
[PlyCount "101"]
[EventDate "2012.01.28"]
[EventType "swiss"]
[EventRounds "5"]
[EventCountry "ENG"]
[Source "lmi"]
[SourceDate "2012.01.28"]

1. e4 e6 2. d4 d5 3. Nc3 Bb4 4. e5 c5 5. a3 Bxc3+ 6. bxc3 Qc7 7. Qg4 Ne7 8.
Qxg7 Rg8 9. Qxh7 cxd4 10. Ne2 Nbc6 11. f4 Bd7 12. Qd3 dxc3 13. Qxc3 O-O-O 14.
Rb1 d4 15. Qd3 Kb8 16. Rg1 Bc8 17. g4 Nd5 18. g5 b6 19. Bd2 Bb7 20. Bg2 Qc8 21.
Qb3 Ba6 22. Ng3 d3 23. c3 Na5 24. Qb2 Nc4 25. Qc1 Qc5 26. Rf1 Nde3 27. Rf2 Nxd2
28. Qxd2 Nc4 29. Ne4 Qxa3 30. Qc1 Rh8 31. Bf1 d2+ 32. Nxd2 Qxc1+ 33. Rxc1 Rxd2
34. Rxd2 Nxd2 35. Bxa6 Rxh2 36. Be2 Ne4 37. Bf3 Nc5 38. Rd1 Kc7 39. Kf1 Nb3 40.
Kg1 Rh4 41. f5 Nc5 42. fxe6 Nxe6 43. g6 fxg6 44. Rd6 Ng5 45. Bd5 Rg4+ 46. Kf1
Ne4 47. Rc6+ Kd8 48. c4 Rg5 49. Bxe4 Rxe5 50. Bxg6 Re7 51. Bd3 1/2-1/2

[Event "Tradewise Gibraltar 2012 - Challenger B"]
[Site "Gibraltar ENG"]
[Date "2012.01.29"]
[Round "2.10"]
[White "Agrest, Inna"]
[Black "Havik, Victor"]
[Result "1-0"]
[WhiteElo "2189"]
[BlackElo "2066"]
[PlyCount "77"]
[EventDate "2012.01.28"]
[EventType "swiss"]
[EventRounds "5"]
[EventCountry "ENG"]
[Source "lmi"]
[SourceDate "2012.01.28"]

1. e4 e5 2. Nf3 Nc6 3. Bb5 a6 4. Ba4 Nf6 5. O-O Be7 6. Re1 b5 7. Bb3 d6 8. c3
O-O 9. h3 Nb8 10. d4 Nbd7 11. Nbd2 Bb7 12. a4 c6 13. Nf1 Re8 14. Ng3 g6 15. Bh6
Bf8 16. Qd2 Qe7 17. Bg5 Bg7 18. h4 h5 19. Rad1 Rad8 20. Qc1 c5 21. Bd5 Bxd5 22.
exd5 cxd4 23. Nxd4 Qf8 24. Nc6 Rc8 25. axb5 axb5 26. Nb4 Nc5 27. Qd2 Nfd7 28.
Qe2 f6 29. Bc1 Rb8 30. Nc6 Rb7 31. b4 Na4 32. Qc2 Qf7 33. Ne4 Bf8 34. Re3 Nab6
35. Qd3 Nc4 36. Rg3 Ndb6 37. Nxf6+ Qxf6 38. Rxg6+ Qxg6 39. Qxg6+ 1-0

[Event "Tradewise Gibraltar 2012 - Challenger B"]
[Site "Gibraltar ENG"]
[Date "2012.01.29"]
[Round "2.11"]
[White "Vanparys, Philip"]
[Black "Ungureanu, Sandu"]
[Result "1/2-1/2"]
[WhiteElo "2174"]
[BlackElo "2039"]
[PlyCount "63"]
[EventDate "2012.01.28"]
[EventType "swiss"]
[EventRounds "5"]
[EventCountry "ENG"]
[Source "lmi"]
[SourceDate "2012.01.28"]

1. c4 c5 2. g3 Nc6 3. Bg2 e5 4. Nc3 f5 5. d3 d6 6. Nh3 Be7 7. O-O Nf6 8. e3 O-O
9. a3 h6 10. f4 Rb8 11. Rb1 Be6 12. Nd5 Qd7 13. Bd2 b5 14. b3 a5 15. Nxe7+ Nxe7
16. Bxa5 b4 17. axb4 cxb4 18. Qd2 e4 19. Bxb4 exd3 20. Nf2 d5 21. c5 Ne4 22.
Bxe4 dxe4 23. c6 Qc7 24. Rfc1 Rfc8 25. Bxe7 Qxe7 26. b4 Rb5 27. Nd1 Rcb8 28.
Nc3 Rxb4 29. c7 Rxb1 30. Nxb1 Rc8 31. Qa5 Qd6 32. Nd2 1/2-1/2